<?xml version="1.0" encoding="UTF-8"?><?xml-stylesheet type="text/xsl" href="static/style.xsl"?><OAI-PMH xmlns="http://www.openarchives.org/OAI/2.0/" xmlns:xsi="http://www.w3.org/2001/XMLSchema-instance" xsi:schemaLocation="http://www.openarchives.org/OAI/2.0/ http://www.openarchives.org/OAI/2.0/OAI-PMH.xsd"><responseDate>2026-04-17T07:49:26Z</responseDate><request verb="GetRecord" identifier="oai:riubu.ubu.es:10259/6088" metadataPrefix="marc">https://riubu.ubu.es/oai/request</request><GetRecord><record><header><identifier>oai:riubu.ubu.es:10259/6088</identifier><datestamp>2022-11-08T13:31:41Z</datestamp><setSpec>com_10259_4244</setSpec><setSpec>com_10259_5086</setSpec><setSpec>com_10259_2604</setSpec><setSpec>col_10259_4245</setSpec></header><metadata><record xmlns="http://www.loc.gov/MARC21/slim" xmlns:doc="http://www.lyncode.com/xoai" xmlns:xsi="http://www.w3.org/2001/XMLSchema-instance" xmlns:dcterms="http://purl.org/dc/terms/" xsi:schemaLocation="http://www.loc.gov/MARC21/slim http://www.loc.gov/standards/marcxml/schema/MARC21slim.xsd">
<leader>00925njm 22002777a 4500</leader>
<datafield tag="042" ind1=" " ind2=" ">
<subfield code="a">dc</subfield>
</datafield>
<datafield tag="720" ind1=" " ind2=" ">
<subfield code="a">Benito Román, Oscar</subfield>
<subfield code="e">author</subfield>
</datafield>
<datafield tag="720" ind1=" " ind2=" ">
<subfield code="a">Blanco Alcalde, Beatriz</subfield>
<subfield code="e">author</subfield>
</datafield>
<datafield tag="720" ind1=" " ind2=" ">
<subfield code="a">Sanz Díez, Mª Teresa</subfield>
<subfield code="e">author</subfield>
</datafield>
<datafield tag="720" ind1=" " ind2=" ">
<subfield code="a">Beltrán Calvo, Sagrario</subfield>
<subfield code="e">author</subfield>
</datafield>
<datafield tag="260" ind1=" " ind2=" ">
<subfield code="c">2020-12</subfield>
</datafield>
<datafield tag="520" ind1=" " ind2=" ">
<subfield code="a">The valorization of onion skin wastes (OSW) through the extraction, identification,&#xd;
and quantification of phenolic compounds was studied in this work, using subcritical water in a&#xd;
semicontinuous extractor (2.5 mL/min; 105–180  C; 5 MPa). The extraction of flavonoids resulted to&#xd;
be fast (&lt;30 min) and temperature sensitive (maximum at 145  C; total flavonoids, 27.4   0.9 mg/g&#xd;
dry OSW (DOSW)). The experimental results were fitted to theWeibull model. The influence of the&#xd;
solvent properties on the flavonoids quantification was found to be critical. A precipitate was formed&#xd;
once the extracts cooled down. If removed, a significant fraction of the high temperature extracted&#xd;
flavonoids (as much as 71%, at 180  C) was lost. Such a condition a ected especially those compounds&#xd;
that show extremely low solubility in water at room temperature, whereas quercetin glycosylated&#xd;
derivatives were less a ected by the polarity change of the medium induced by the temperature&#xd;
change. It was demonstrated that it is necessary to re-dissolve the subcritical water extracts by&#xd;
the addition of ethanol, which led to a medium with a polarity equivalent to that obtained with&#xd;
water at high temperature. At 145  C, quercetin (15.4   0.4 mg/g DOSW) and quercetin-40-glucoside&#xd;
(8.4   0.1 mg/g DOSW) accounted for the 90% of the total flavonoids identified. By recovering high&#xd;
added value bioactive compounds from OSW the principles of circular economy were fulfilled,&#xd;
providing a new use for this agricultural waste.</subfield>
</datafield>
<datafield tag="024" ind2=" " ind1="8">
<subfield code="a">2076-3921</subfield>
</datafield>
<datafield tag="024" ind2=" " ind1="8">
<subfield code="a">http://hdl.handle.net/10259/6088</subfield>
</datafield>
<datafield tag="024" ind2=" " ind1="8">
<subfield code="a">10.3390/antiox9121233</subfield>
</datafield>
<datafield ind1=" " ind2=" " tag="653">
<subfield code="a">Onion</subfield>
</datafield>
<datafield ind1=" " ind2=" " tag="653">
<subfield code="a">Extraction</subfield>
</datafield>
<datafield ind1=" " ind2=" " tag="653">
<subfield code="a">Subcritical water</subfield>
</datafield>
<datafield ind1=" " ind2=" " tag="653">
<subfield code="a">Quercetin</subfield>
</datafield>
<datafield ind1=" " ind2=" " tag="653">
<subfield code="a">Polarity</subfield>
</datafield>
<datafield ind1=" " ind2=" " tag="653">
<subfield code="a">Valorization</subfield>
</datafield>
<datafield tag="245" ind1="0" ind2="0">
<subfield code="a">Subcritical water extraction of phenolic compounds from onion skin wastes (Allium cepa cv. horcal): effect of temperature and solvent properties</subfield>
</datafield>
</record></metadata></record></GetRecord></OAI-PMH>